| 000 | 00504nam a22001937a 4500 | ||
|---|---|---|---|
| 005 | 20251108164813.0 | ||
| 008 | 250721s1997 xx 000 0 ara d | ||
| 082 | 1 | 4 | _a370.9564/كوث |
| 100 | 1 | _aالأمير، كوثر | |
| 245 | 1 | 0 | _aواقع التعليم في مدارس فلسطين / |
| 264 | _c1997. | ||
| 300 | _a107ص | ||
| 650 | 1 | 7 | _aالتربية |
| 650 | 1 | 7 | _aفلسطين |
| 650 | 1 | 7 | _aالمدارس |
| 650 | 1 | 7 | _aتاريخ التربية |
| 942 |
_2ddc _cBK |
||
| 999 |
_c14751 _d14751 |
||